Web Animation and interactivity : (Record no. 179844)
[ view plain ]
| 000 -LEADER | |
|---|---|
| fixed length control field | 01530 a2200193 4500 |
| 003 - CONTROL NUMBER IDENTIFIER | |
| control field | NUST |
| 005 - DATE AND TIME OF LATEST TRANSACTION | |
| control field | 20221025152937.0 |
| 020 ## - INTERNATIONAL STANDARD BOOK NUMBER | |
| International Standard Book Number | 18884133606 |
| 040 ## - CATALOGING SOURCE | |
| Transcribing agency | Nust |
| 082 ## - DEWEY DECIMAL CLASSIFICATION NUMBER | |
| Classification number | 006.6,SAU |
| 100 ## - MAIN ENTRY--PERSONAL NAME | |
| Personal name | Saucier, Christine |
| 9 (RLIN) | 101366 |
| 245 ## - TITLE STATEMENT | |
| Title | Web Animation and interactivity : |
| Remainder of title | The Ultimate Guide to Web Design / |
| Statement of responsibility, etc. | Christine Saucier |
| 260 ## - PUBLICATION, DISTRIBUTION, ETC. | |
| Place of publication, distribution, etc. | Houston |
| Name of publisher, distributor, etc. | JAMSA |
| Date of publication, distribution, etc. | 2000 |
| 300 ## - PHYSICAL DESCRIPTION | |
| Extent | 346:p |
| 505 ## - FORMATTED CONTENTS NOTE | |
| Formatted contents note | Touring Animated Sites (Page-1), The Two Design Approaches (Page-12), Adding a Counter to Your Web Page (Page-17), Creating Animated GIFs (Page-30), Implementing A Search Engine (Page-47) , Adding an ActiveX Control to Your Web Page (Page-61), Understanding and Working with Dynamic HTML(Page-74), Understanding and Working with Java (Page-94), Implementing a Scrolling Marquee Banner (Page-108, Working with Audio (Page-123), Taking Advantage of Hot Spots (Page-138), Using Virtual Reality to Present a Virtual Tour (Page-156), Understanding and Working with JavaScript (Page-180), Understanding CGI (Page-195), Understanding and Working with Perl (Page-214) , Implementing and Using Cookies (Page-224), Understanding and Working with VBScript (Page-244), Implementing Server Push Operations (Page-257), Working with Shockwave and Flash (Page-279), Working with Video (Page-305), Maintaining and Using Site Statistics (Page-323), Design Considerations for Animated Web Sites (Page-334). |
| 650 ## - SUBJECT ADDED ENTRY--TOPICAL TERM | |
| Topical term or geographic name entry element | web animation and interactivity |
| 9 (RLIN) | 101367 |
| 651 ## - SUBJECT ADDED ENTRY--GEOGRAPHIC NAME | |
| Geographic name | (Include CD) |
| 9 (RLIN) | 8953 |
| 942 ## - ADDED ENTRY ELEMENTS (KOHA) | |
| Source of classification or shelving scheme | |
| Koha item type | Book |
| Call number prefix | 006.6,SAU |
| Withdrawn status | Lost status | Source of classification or shelving scheme | Damaged status | Not for loan | Permanent Location | Current Location | Shelving location | Date acquired | Full call number | Barcode | Date last seen | Price effective from | Koha item type | Public note |
|---|---|---|---|---|---|---|---|---|---|---|---|---|---|---|
| Military College of Signals (MCS) | Military College of Signals (MCS) | General Stacks | 12/12/2016 | 006.6,SAU | MCS28089 | 12/08/2016 | 12/12/2016 | Book | Almirah No.7, Shelf No.5 |
